ბათუმის შოთა რუსთაველის სახელმწიფო უნივერსიტეტის ბიბლიოთეკა

Практикум по сельскохозяйственной энтомологии (ბიბ.ჩანაწერი № 45658)

000 -LEADER
fixed length control field 00754nam a2200217Ia 4500
001 - CONTROL NUMBER
control field 12484
003 - CONTROL NUMBER IDENTIFIER
control field GE_BSU
008 - FIXED-LENGTH DATA ELEMENTS--GENERAL INFORMATION
fixed length control field 181216s||||||||xx |||||||||||||| ||und||
040 ## - CATALOGING SOURCE
Transcribing agency GE_BSU
080 ## - UNIVERSAL DECIMAL CLASSIFICATION NUMBER
Universal Decimal Classification number 595.70(075.8)
100 ## - MAIN ENTRY--PERSONAL NAME
Personal name Соболев,А.С.
245 ## - TITLE STATEMENT
Title Практикум по сельскохозяйственной энтомологии
245 ## - TITLE STATEMENT
Remainder of title Уч. пособ. для агрономич. фак-в
245 ## - TITLE STATEMENT
Statement of responsibility, etc. Ред.Г.Д.Каплан.Худ.Г.А.Кудрявцев
260 ## - PUBLICATION, DISTRIBUTION, ETC.
Place of publication, distribution, etc. Москва
260 ## - PUBLICATION, DISTRIBUTION, ETC.
Name of publisher, distributor, etc. Госиздат сель.-хоз.лит-ры
260 ## - PUBLICATION, DISTRIBUTION, ETC.
Date of publication, distribution, etc. 1961
300 ## - PHYSICAL DESCRIPTION
Extent 326стр.21см.
653 ## - INDEX TERM--UNCONTROLLED
Uncontrolled term Практикум по сельскохозяйственной энтомологии
942 ## - ADDED ENTRY ELEMENTS (KOHA)
Koha item type წიგნი
ეგზემპლარები
Withdrawn status Lost status Damaged status Not for loan Date acquired Barcode Date last seen Price effective from Koha item type
        2018-12-17 20520 2018-12-17 2018-12-17 წიგნი